Organic chemistry / (Record no. 51668)

MARC details
000 -LEADER
fixed length control field 00510nam a2200193Ia 4500
005 - DATE AND TIME OF LATEST TRANSACTION
control field 20260429111951.0
008 - FIXED-LENGTH DATA ELEMENTS--GENERAL INFORMATION
fixed length control field 260429s9999||||xx |||||||||||||| ||und||
020 ## - INTERNATIONAL STANDARD BOOK NUMBER
International Standard Book Number 9781260565843
041 ## - LANGUAGE CODE
Language English
082 ## - DEWEY DECIMAL CLASSIFICATION NUMBER
Classification number 547
Item number SMI
100 ## - MAIN ENTRY--PERSONAL NAME
Personal name Smith, Janice Gorzynski
245 #0 - TITLE STATEMENT
Title Organic chemistry /
Statement of responsibility, etc Janice Gorzynski Smith
250 ## - EDITION STATEMENT
Edition statement 6th ed.
260 ## - PUBLICATION, DISTRIBUTION, ETC. (IMPRINT)
Place of publication, distribution, etc United States :
Name of publisher, distributor, etc McGraw Hill,
Date of publication, distribution, etc 2020.
300 ## - PHYSICAL DESCRIPTION
Extent xxvi, 1291 p.; pbk
650 ## - SUBJECT ADDED ENTRY--TOPICAL TERM
Topical term or geographic name as entry element Organic chemistry
650 ## - SUBJECT ADDED ENTRY--TOPICAL TERM
Topical term or geographic name as entry element Chemistry
942 ## - ADDED ENTRY ELEMENTS (KOHA)
Koha item type Text Books
Holdings
Withdrawn status Lost status Damaged status Not for loan Collection code Home library Location Shelving location Date of Cataloging Source of acquisition Total Checkouts Full call number Barcode Date last seen Price effective from Koha item type
        Non-fiction CUTN Central Library CUTN Central Library Sciences 29/04/2026 Chennai Book Agency, Chennai - Invoice No. 24-25/0155 on 10-02-2026   547 SMI 56696 29/04/2026 29/04/2026 Text Books